Architektúry integrace pro rozsáhlé informační systémy a ekonomické asapekty systémové integrace

Otázky integrácie informačných systémov a ich aplikácia predovšetkým z pohľadu ekonomického, kde jedným z faktorov pri rozhodovaní o voľbe architektúry integrácie sú náklady na ich realizáciu.

Salvato in:
Dettagli Bibliografici
Autore principale: Kökörčený, Michal
Natura: Capitolo di libro
Lingua:ceco
Soggetti:
Tags: Aggiungi Tag
Nessun Tag, puoi essere il primo ad aggiungerne!!

MARC

LEADER 00000naa a2200000 4500
001 0121644
005 20231204073017.6
041 0 |a cze 
044 |a CZ 
245 1 0 |a Architektúry integrace pro rozsáhlé informační systémy a ekonomické asapekty systémové integrace  |c Michal Kökörčený 
520 |a Otázky integrácie informačných systémov a ich aplikácia predovšetkým z pohľadu ekonomického, kde jedným z faktorov pri rozhodovaní o voľbe architektúry integrácie sú náklady na ich realizáciu. 
610 2 0 |a systémy informačné integrované 
610 2 0 |a architektúra 
610 2 0 |a náklady 
610 2 0 |a technológie komunikačné 
100 1 |a Kökörčený, Michal